Bases de datos

Guardat en:
Dades bibliogràfiques
Autor principal: Postigo Palacios, Antonio (autor)
Format: Desconegut
Publicat: Madrid, España: Paraninfo, 2021.
Edició:1a edición
Col·lecció:Ciclos formativos.
Matèries:
Etiquetes: Afegir etiqueta
Sense etiquetes, Sigues el primer a etiquetar aquest registre!

MARC

LEADER 00000 a2200000 4500
003 CL-VaPUC
005 20250507091730.0
008 250506t2021 ||||| |||| 00| 0 eng d
999 |c 449043  |d 449041 
020 |a 978-84-1366-076-9 
040 |c Pontificia Universidad Católica de Valparaíso 
082 |a 005.74 POS 2021 
100 |a Postigo Palacios, Antonio  |9 901998  |e autor 
245 |a Bases de datos 
250 |a 1a edición 
260 |a Madrid, España:  |b Paraninfo,  |c 2021. 
300 |a xi, 446 páginas. 
490 |a Ciclos formativos. 
583 |k GC  |c 20250506 
650 0 |9 384787  |a Diseño de bases de datos  
650 0 |9 260577  |a Bases de datos   |x Programación 
650 0 |9 864751  |a Desarrollo de aplicaciones web  |x Informática  
942 |n 1  |2 ddc  |c BK 
952 |0 0  |1 0  |2 ddc  |4 0  |6 005_740000000000000_POS_2021  |7 0  |8 A  |9 602889  |a BIBGIM  |b BIBGIM  |d 2025-05-05  |e 1  |g 58613.00  |i 5667408  |o 005.74 POS 2021  |p 5667408  |r 2025-05-05  |t 1  |v 58613.00  |w 2025-05-05  |y BK  |k COM